yokai watch 3 : nouveaux Yokais par images - Statistiques

Statistiques générales
  • Ce quiz a été pris 13 fois
    8 depuis la dernière actualisation
  • Le résultat moyen est 131 sur 337
Statistiques - réponses
Par images Réponse % Correct
Jibanyan S
100%
Hovernyan S
83%
Jibanyan B
83%
Komajiro S
83%
Komasan B
83%
Komasan S
83%
Roi Jibanyan
83%
Usapyon B
83%
Arbrézo
67%
Baratina
67%
Big O Max
67%
Bison Antonic
67%
Criquetif
67%
Jibanyan T
67%
Karmagister
67%
Komasan Sun Ce
67%
Komasan T
67%
Maginyan
67%
Otto
67%
Scientifiborg Y
67%
Seigneur Enma
67%
Seigneur Enma 2.0
67%
Supernyan
67%
Usapyon Zhong Da
67%
Zazel
67%
Zazel
67%
Agent X
50%
Agraisseur
50%
Ailexagère
50%
Ambassadeur de Charme
50%
Arbrézo Social
50%
As de Nyan
50%
Asura
50%
Auberchouine
50%
Bambincroyable
50%
Bambinsupportable
50%
Barbucheron
50%
Bazaronin
50%
Bleunet de Bain
50%
Bradguette
50%
Calliméballe
50%
Capitaine Tonerre
50%
Catastrosaure
50%
Céodieux
50%
Charivariz
50%
Charlognard
50%
Chionyan
50%
Chocobonyan
50%
Clic Bull
50%
Coco Barjo
50%
Cranéidoscope
50%
Daikokuten
50%
Deadcool
50%
Didgéophyte
50%
Dix de Komajiro
50%
Don Morleone
50%
Duc Delafeuille
50%
Eclopain
50%
Eddylapid
50%
El Dragonor
50%
El Squalador
50%
Enma Funèbre
50%
Enma infini
50%
Erzestine
50%
Faustille
50%
Flêche d'Azur
50%
Génie du rire
50%
Graffael
50%
Grovide
50%
Indiana Jaws
50%
Institours
50%
Javabien
50%
Javamal
50%
Jean Méchel
50%
Jeniflair
50%
Justicier Komasqué
50%
Kyubot
50%
Lescampette
50%
Les Frères Topla
50%
Lord Ecibel
50%
Maintendante
50%
Malocoeur
50%
Marceauterelle
50%
Mata Hase
50%
Mégalopaul
50%
Minustrel
50%
Mog-nyan
50%
Moinon
50%
Momonyan
50%
Moufpète
50%
Mr Spioche
50%
Mulangeur
50%
Mulangeur
50%
No Bot
50%
Nyansès 2
50%
Octorbot
50%
Odyssényan
50%
Originyan
50%
Papécolo
50%
Papi Taliste
50%
Platinos
50%
Pogorille
50%
Robonyan 28
50%
Robonyan 3000
50%
Robonyan Ultime
50%
Rocky Badboya
50%
Roi Pourkoidon
50%
Saincope
50%
Sequestrella
50%
Sorcophage
50%
Steuf
50%
Supermanager
50%
Superobonyan
50%
Supervolt
50%
Tatinmarre
50%
Tempurasan
50%
Thibonimenteur
50%
Tofupyon
50%
Tomnyan
50%
Tristos
50%
Turboss
50%
Tyragédie
50%
Valet Komasan
50%
Vertipiou
50%
Wattson
50%
Wibblekoma
50%
Yogaratoi
50%
Yo Kaiju
50%
Yopple Bot
50%
Zazel le Bon
50%
Zombigoût
50%
Afronaute
33%
Agent Rixe
33%
Alga Sensei
33%
Alpinella
33%
Ange Garudien
33%
Antitaie
33%
Antoilett
33%
Aristocorniot
33%
Athlaitue
33%
Axélérator
33%
Bambinflammable
33%
Bastetnyan
33%
Battant
33%
Benzaiten
33%
Bishamonten
33%
Blanche Hase
33%
Blizzie
33%
Bobdruche
33%
Boucanos
33%
Boulet frit
33%
Bricolos
33%
Camélia
33%
Carquentin
33%
Chagellan
33%
Chameuhllow
33%
Chimpanyan
33%
Clochemar
33%
Cocassepied
33%
Corailline
33%
Crasiella
33%
Cravaten
33%
Curryeux
33%
Cymbaline
33%
Dame Usapyon
33%
Déshirley
33%
Diablotine
33%
Diégoiste
33%
Dodorothé
33%
Don Spiration
33%
Double Croche
33%
Dr Crépuscule
33%
Dr néant
33%
Ebboby
33%
Ebisu
33%
El Gallardo
33%
Enma l'Ancien
33%
Entout'Hatila
33%
Entraînette
33%
Epigerien
33%
Escarcool
33%
Escoffregriffe
33%
Faisanyan
33%
Fantimoré
33%
Fatracteur
33%
Ficheline
33%
Flagesté
33%
Fortuné
33%
Fourchelangue
33%
Glapie
33%
Godichezilla
33%
Grand Gallardo
33%
Gromel
33%
Guillotin
33%
Hacksel
33%
Haltela
33%
Hiiivon
33%
Horridjinn
33%
Hovernyan Cao Cao
33%
Hypertaupe
33%
Immadjinn
33%
Indexter
33%
Jibanyan Liu Bei
33%
Josper
33%
Jurojin
33%
King keskler
33%
Kintaronyan
33%
KJ
33%
Koalanyan
33%
Koeud
33%
Komanubis
33%
Komastar
33%
Komaventuriers
33%
Le Dernier Nyanmouraï
33%
Lionguiste
33%
Loupépin
33%
Lunatio
33%
Magnustrel
33%
Maindècis
33%
Marmmoneur en série
33%
Médisansss
33%
Meuhlinda
33%
Momignorante
33%
Moqua Glacé
33%
M Orthogaffe
33%
Navétéran
33%
Navigarmateur
33%
Nefertyrannie
33%
Normaline
33%
Nunchucky
33%
Oeuxcellence
33%
Optimiss
33%
Oridjinn
33%
Orqanos Lu Bu
33%
Orqéophyte
33%
Otempourmoa
33%
Outransss
33%
Pain Surprise
33%
Pandore
33%
Papi XXL
33%
Papy Charles
33%
Persépoil
33%
Phémniscian
33%
Piétros
33%
Popcorne
33%
Pot-au-Meuh
33%
Poulpulaire
33%
Procrastinocchio
33%
Pr Plumage
33%
Quésacourt
33%
Roi Shogun
33%
Rouminet
33%
Scintinoko
33%
Seulimane
33%
Shamanaconda
33%
Shivatenguerre
33%
Shurikenny
33%
Sinécureuil
33%
Sire Tromplamor
33%
Sir Nyancelot
33%
Sodartha
33%
Somnoracle
33%
Squale Masqué
33%
Superfouétar
33%
Survolt
33%
Sushinyan
33%
Taï Basse
33%
Tata la Terreur
33%
Tatartelette
33%
Taupe Modèle
33%
T Energison
33%
Tenguriginal
33%
Ténorque
33%
Terminyanator
33%
Tête de Lard
33%
Théoportun
33%
Thépacap
33%
Timouchar
33%
Toutournemal
33%
Tréchérubine
33%
Trempetta
33%
Triopportun
33%
Tukappa
33%
Ultime Nyanmourai
33%
Usapyon
33%
Usapyon Plongé
33%
Usapyon Quarterback
33%
Vasco de Gamiaou
33%
Vociféro
33%
Volroulo
33%
Voltéophyte
33%
Werner Avif
33%
Whisper Kongming
33%
Wobblenyan
33%
Xxl De bain
33%
Zozoparleur
33%
Affolanterne
17%
Aloyau 1er
17%
Andrécup
17%
Aramis taire
17%
Banjirouette
17%
Barbokai
17%
Barbuzz
17%
Capitaine Tonerre Sérieux
17%
Céfasslopode
17%
Curryogi
17%
Dagamberge
17%
Ducanin
17%
Ducfélin
17%
Enma Solaire
17%
Esprechiot
17%
Fukurokuju
17%
Garegamelle
17%
Hadespote
17%
Hotei
17%
Kay Mendeuse
17%
Maracraque
17%
Maudestique
17%
Mécagolem
17%
MoiYihin
17%
Or Tourbillonant
17%
Rangainaël
17%
Rodîn
17%
Ronain
17%
Suprarachnus
17%
Usapyon Conduite
17%
Crème Chantiwhisp
0%
Domniscian Eveillé
0%
Dragon Trésor
0%
Empereur Rouge
0%
Griffes Dorés
0%
Hacharné
0%
Omai Tourbillionant
0%
Pattes Rouges
0%
Tornadoculaire
0%
Whismellowman
0%
Zazelmar
0%
Aucun quiz correspondant
Distribution des résultats
% des personnes avec chaque résultat
Percentile par nombre de réponses
Votre historique - résultats
Vous n’avez pas pris ce quiz depuis la dernière actualisation